LDR 00645naa#a2200169#i#450# 001 EN\\bibl\116773 005 20260430190421.4 011 ## _a1994-4683 100 ## _a20260429b2026####ek#y0engy0150####ca 102 ## _aRU 200 1# _aCharacteristics of athletes’ personality development at the preliminary and initial training stages in judo _eJournal article 210 1# _aMoscow _cNational State University of Physical Education, Sports and Health named after P.F. Lesgaft _d2026 215 ## _a7 с. 608 ## _aJournal article _2local 675 ## _aвербальные. 159.9.072.432 _z 700 #1 _aBagadirova _gSusanna Kimovna 856 4# _auchzapiski.lesgaft.spb.ru _u